Lanean...
Sadarana janagalum niyamavum /
| Egile nagusia: | |
|---|---|
| Formatua: | Printed Book |
| Hizkuntza: | Malayalam |
| Argitaratua: |
Sree Rama Vilasam ,
1959.
|
| LEADER | 00492nam a2200145Ia 4500 | ||
|---|---|---|---|
| 008 | 150624b xxu||||| |||| 00| | mal d | ||
| 082 | |a 340 | ||
| 100 | |a Venkida Subharao, G. C. | ||
| 245 | |c G. C. Venkida Subharao |a Sadarana janagalum niyamavum / | ||
| 260 | |b Sree Rama Vilasam , |c 1959. | ||
| 300 | |a 203 p. | ||
| 546 | |a In Malayalam. | ||
| 942 | |c BK | ||
| 999 | |c 71791 |d 71791 | ||
| 952 | |0 0 |1 0 |4 0 |6 340_000000000000000_VEN_S_M |7 0 |9 71749 |a UL |b UL |c ST2 |d 1998-09-15 |l 0 |o 340 VEN/S M |p 5835 |r 2012-10-27 |w 2012-10-27 |y BK | ||